Problemas actuales del derecho administrativo

Bibliographic Details
Main Author: Malagn̤ Pinzn̤, Miguel
Format: eBook
Language:Spanish
Published: Bogot:̀ Universidad de Los Andes (Colombia), 2020
Subjects:
Online Access:Acceso restringido

MARC

LEADER 00000nam a22000007a 4500
005 20200721235955.0
007 cr|||| ||||
008 200722s2020 co |||||s|||| 00||0 spa d
020 |a 978-958-774-932-8 
035 |a 31858 
040 |a vLex 
090 |c 10676  |d 10676 
100 1 |a Malagn̤ Pinzn̤, Miguel 
245 1 0 |a Problemas actuales del derecho administrativo  |h [Recurso electrn̤ico] /  |c Miguel Malagn̤ Pinzn̤, Carolina Moreno Vels̀quez 
256 |a Servicio en ln̕ea 
260 |a Bogot:̀  |b Universidad de Los Andes (Colombia),  |c 2020 
300 |a 1 recurso electrn̤ico 
506 1 |a Disponible solo en los productos indicados  |d vLex Global  |d vLex Global (Academic Edition, excluding Law Schools)  |d vLex Global (U.S. Academic Edition, Law Schools)  |d vLex Global (U.S. Academic Edition, excluding Law Schools)  |d vLex Global (Academic Edition, Law Schools) 
650 0 4 |a Derecho Pb︢lico y Administrativo  |z Colombia 
740 0 |a vLex Libros (Servicio en ln̕ea) 
856 4 0 |u http://vlex.com/source/problemas-actuales-derecho-administrativo-31858  |z Acceso restringido 
942 |c BOOK 
999 0 |a Public and Administrative Law